| 000 -LEADER |
| fixed length control field |
01906cam a2200517Ii 4500 |
| 001 - CONTROL NUMBER |
| control field |
994575758 |
| 003 - CONTROL NUMBER IDENTIFIER |
| control field |
OCoLC |
| 005 - DATE AND TIME OF LATEST TRANSACTION |
| control field |
20240220152833.0 |
| 008 - FIXED-LENGTH DATA ELEMENTS--GENERAL INFORMATION |
| fixed length control field |
160826s2017 vraa 000 0 eng d |
| 020 ## - INTERNATIONAL STANDARD BOOK NUMBER |
| International Standard Book Number |
9781864706994 |
| 020 ## - INTERNATIONAL STANDARD BOOK NUMBER |
| International Standard Book Number |
1864706996 |
| 035 ## - SYSTEM CONTROL NUMBER |
| System control number |
(OCoLC)994575758 |
| 040 ## - CATALOGING SOURCE |
| Original cataloging agency |
YDX |
| Language of cataloging |
eng |
| Description conventions |
rda |
| -- |
rda |
| Transcribing agency |
YDX |
| Modifying agency |
OCLCO |
| -- |
OCLCF |
| -- |
ORU |
| -- |
NYP |
| 049 ## - LOCAL HOLDINGS (OCLC) |
| Holding library |
NYPP |
| 050 #4 - LIBRARY OF CONGRESS CALL NUMBER |
| Classification number |
NA997.H23 |
| Item number |
A4 2017 |
| 082 04 - DEWEY DECIMAL CLASSIFICATION NUMBER |
| Classification number |
720.922 |
| Edition number |
23 |
| Author Mark |
ZAH |
| 110 2# - MAIN ENTRY--CORPORATE NAME |
| Corporate name or jurisdiction name as entry element |
Zaha Hadid Architects, |
| Relator term |
author. |
| 9 (RLIN) |
120871 |
| 245 10 - TITLE STATEMENT |
| Title |
Zaha Hadid Architects : |
| Remainder of title |
redefining architecture & design. |
| 260 ## - PUBLICATION, DISTRIBUTION, ETC. |
| Name of publisher, distributor, etc. |
Images Pub; |
| Date of publication, distribution, etc. |
2017. |
| 300 ## - PHYSICAL DESCRIPTION |
| Extent |
283 pages : |
| Other physical details |
illustrations (chiefly color) ; |
| Dimensions |
34 cm. |
| 490 1# - SERIES STATEMENT |
| Series statement |
Leading architects of the world. |
| 610 20 - SUBJECT ADDED ENTRY--CORPORATE NAME |
| Corporate name or jurisdiction name as entry element |
Zaha Hadid Architects |
| Form subdivision |
Catalogs. |
| 9 (RLIN) |
120872 |
| 610 27 - SUBJECT ADDED ENTRY--CORPORATE NAME |
| Corporate name or jurisdiction name as entry element |
Zaha Hadid Architects. |
| Source of heading or term |
fast |
| 9 (RLIN) |
120871 |
| 648 #7 - SUBJECT ADDED ENTRY--CHRONOLOGICAL TERM |
| Chronological term |
1900-2099 |
| Source of heading or term |
fast. |
| 9 (RLIN) |
120873 |
| 650 #0 - SUBJECT ADDED ENTRY--TOPICAL TERM |
| Topical term or geographic name entry element |
Architecture, Modern |
| Chronological subdivision |
20th century |
| Form subdivision |
Catalogs. |
| 9 (RLIN) |
120874 |
| 650 #0 - SUBJECT ADDED ENTRY--TOPICAL TERM |
| Topical term or geographic name entry element |
Architecture, Modern |
| Chronological subdivision |
21st century |
| Form subdivision |
Catalogs. |
| 9 (RLIN) |
120875 |
| 650 #0 - SUBJECT ADDED ENTRY--TOPICAL TERM |
| Topical term or geographic name entry element |
Architecture, Domestic |
| Form subdivision |
Pictorial works. |
| 9 (RLIN) |
120876 |
| 650 #0 - SUBJECT ADDED ENTRY--TOPICAL TERM |
| Topical term or geographic name entry element |
Public architecture |
| Form subdivision |
Pictorial works. |
| 9 (RLIN) |
120877 |
| 650 #0 - SUBJECT ADDED ENTRY--TOPICAL TERM |
| Topical term or geographic name entry element |
Decoration and ornament, Architectural |
| Form subdivision |
Pictorial works. |
| 9 (RLIN) |
120878 |
| 650 #7 - SUBJECT ADDED ENTRY--TOPICAL TERM |
| Topical term or geographic name entry element |
Architecture, Domestic. |
| Source of heading or term |
fast |
| 9 (RLIN) |
10084 |
| 650 #7 - SUBJECT ADDED ENTRY--TOPICAL TERM |
| Topical term or geographic name entry element |
Architecture, Modern. |
| Source of heading or term |
fast |
| 9 (RLIN) |
32028 |
| 650 #7 - SUBJECT ADDED ENTRY--TOPICAL TERM |
| Topical term or geographic name entry element |
Decoration and ornament, Architectural. |
| Source of heading or term |
fast |
| 9 (RLIN) |
118713 |
| 650 #7 - SUBJECT ADDED ENTRY--TOPICAL TERM |
| Topical term or geographic name entry element |
Public architecture. |
| Source of heading or term |
fast |
| 9 (RLIN) |
10087 |
| 655 #7 - INDEX TERM--GENRE/FORM |
| Genre/form data or focus term |
Catalogs. |
| Source of term |
fast |
| 9 (RLIN) |
98425 |
| 655 #7 - INDEX TERM--GENRE/FORM |
| Genre/form data or focus term |
Pictorial works. |
| Source of term |
fast |
| 9 (RLIN) |
81105 |
| 830 #0 - SERIES ADDED ENTRY--UNIFORM TITLE |
| Uniform title |
Leading architects of the world. |
| 9 (RLIN) |
120879 |
| 901 ## - LOCAL DATA ELEMENT A, LDA (RLIN) |
| a |
MARS |
| 901 ## - LOCAL DATA ELEMENT A, LDA (RLIN) |
| a |
tas |
| b |
CATRL |
| 908 #4 - PUT COMMAND PARAMETER (RLIN) |
| Put command parameter |
NA997.H23 |
| 942 ## - ADDED ENTRY ELEMENTS (KOHA) |
| Source of classification or shelving scheme |
|
| Koha item type |
Reference |
| Institution code [OBSOLETE] |
SADA |
| Call number prefix |
REF 720.922 ZAH 2017 |
| 945 ## - LOCAL PROCESSING INFORMATION (OCLC) |
| a |
.b213201872 |
| 946 ## - LOCAL PROCESSING INFORMATION (OCLC) |
| a |
m |
| 949 #1 - LOCAL PROCESSING INFORMATION (OCLC) |
| z |
8528 |
| a |
JQG 17-1154 |
| i |
33433122364445 |
| l |
mab82 |
| s |
b |
| t |
002 |
| h |
33 |
| o |
1 |
| v |
CATRL/tas |